Immigration aspects of the international educational exchange program.

Bibliographic Details
Corporate Authors: United States. Congress. House, ProQuest (Firm), United States. Congress. House. Committee on the Judiciary
Format: eBook
Language:English
Published: Washington : [publisher not identified], 1961.
Series:United States congressional serial set.
Subjects:
Online Access:Connect to the full text of this electronic book

MARC

Tag First Indicator Second Indicator Subfields
LEADER 00000cam a22000001a 4500
001 in00003236513
005 20190403193228.0
006 m o d
007 cr un mmmapmmp
008 080526s1961 dcud o f000 0 eng d
035 |a cis2004265333 
040 |a UMI  |c UMI  |d UtOrBLW 
043 |a n-us--- 
099 |a ProQuest Serial Set Number 12340 H.rp.721 
110 1 |a United States.  |b Congress.  |b House. 
245 1 0 |a Immigration aspects of the international educational exchange program. 
246 1 |a Immigration aspects of international educational exchange program 
264 1 |a Washington :  |b [publisher not identified],  |c 1961. 
300 |a 1 online resource. 
336 |a text  |b txt  |2 rdacontent 
337 |a computer  |b c  |2 rdamedia 
338 |a online resource  |b cr  |2 rdacarrier 
490 0 |a H.rp.721 
500 |a Record is based on bibliographic data in ProQuest U.S. Serial Set Digital Collection (last viewed May 2008). Reuse except for individual research requires license from ProQuest, LLC. 
510 3 |a ProQuest U.S. Serial Set Digital Collection 
500 |a Electronic resource. 
650 0 |a Emigration and immigration. 
650 0 |a Passports. 
651 0 |a Yugoslavia. 
655 7 |a Electronic books.  |2 local 
710 2 |a ProQuest (Firm) 
710 1 |a United States.  |b Congress.  |b House.  |b Committee on the Judiciary. 
830 0 |a United States congressional serial set. 
856 4 0 |u http://proxy.library.tamu.edu/login?url=http://congressional.proquest.com/congcomp/getdoc?SERIAL-SET-ID=12340+H.rp.721  |z Connect to the full text of this electronic book  |t 0 
999 |a MARS 
999 f f |s b4082dc5-f1ec-356a-9867-685464caa4bf  |i 5dc782e2-bc1e-33db-b7ef-7ad42996810f  |t 0 
952 f f |a Texas A&M University  |b College Station  |c Electronic Resources  |d Available Online  |t 0  |e ProQuest Serial Set Number 12340 H.rp.721  |h Other scheme 
998 f f |a ProQuest Serial Set Number 12340 H.rp.721  |t 0  |l Available Online